Investície pre transformáciu krajín strednej a východnej Európy sú podľa EBOR kľúčové
Úspešnosť transformácie v krajinách strednej a východnej Európy (SVE) a bývalom Sovietskom zväze - potreba podpory investičného procesu - štúdia Transition report zverejnená Európskou bankou pre obnovu a rozvoj v októbri 1995. Ústredná téma Transition report - reštrukturalizácia podnikov a hospodárs...
Saved in:
| Main Author: | |
|---|---|
| Format: | Book Chapter |
| Language: | Slovak |
| Subjects: | |
| Tags: |
No Tags, Be the first to tag this record!
|
MARC
| LEADER | 00000naa a2200000 4500 | ||
|---|---|---|---|
| 001 | r020490 | ||
| 005 | 20221205102952.2 | ||
| 041 | 0 | |a slo | |
| 044 | |a SK | ||
| 245 | 1 | 0 | |a Investície pre transformáciu krajín strednej a východnej Európy sú podľa EBOR kľúčové |c J. Janků |
| 520 | |a Úspešnosť transformácie v krajinách strednej a východnej Európy (SVE) a bývalom Sovietskom zväze - potreba podpory investičného procesu - štúdia Transition report zverejnená Európskou bankou pre obnovu a rozvoj v októbri 1995. Ústredná téma Transition report - reštrukturalizácia podnikov a hospodárstva - úloha investícií v tomto procese. Dobré hospodárske vyhliadky krajín SVE. Rozvoj infraštruktúry - dôležitý faktor pre investovanie do súkromného sektora. | ||
| 610 | 2 | 0 | |a investície |
| 610 | 2 | 0 | |a investovanie |
| 610 | 2 | 0 | |a transformácia |
| 610 | 2 | 0 | |a reštrukturalizácia |
| 610 | 2 | 0 | |a podnik |
| 610 | 2 | 0 | |a hospodárstvo národné |
| 610 | 2 | 0 | |a infraštruktúra |
| 610 | 2 | 0 | |a Európska banka pre obnovu a rozvoj |
| 610 | 2 | 0 | |a stredná Európa |
| 610 | 2 | 0 | |a východná Európa |
| 100 | 1 | |a Janků, Jaroslav | |